000 01367cam a2200313 a 4500
001 14547814
005 20080410164824.0
008 060912s2007 enka b 001 0 eng
010 _a 2006050810
020 _a0415386268
020 _a9780415386265
035 _a(OCoLC)ocm71369564
035 _a(OCoLC)71369564
040 _aDLC
_cDLC
_dBAKER
_dBWKUK
_dUKM
_dYDXCP
_dBTCTA
_dDLC
050 0 0 _aTC180
_b.H95 2007
082 0 0 _a627
_222
_bHYD
245 0 0 _aHydraulic Structures /
_cP. Novak ... [et al.].
250 _a4th ed.
260 _aLondon :
_bTaylor & Francis,
_cc2007.
300 _axxiv, 700 p. :
_bill. ;
_c24 cm.
504 _aIncludes bibliographical references and indexes.
650 0 _aHydraulic structures.
_99230
700 _99229
_aNovak, P.
942 _2ddc
_cBB
999 _c12880
_d12880